书目信息 |
| 题名: |
图书设计艺术
|
|
| 作者: | 施群 , 丘星星 主编 ;余雁 著 | |
| 分册: | ||
| 出版信息: | 福州 福建美术出版社 2006 |
|
| 页数: | 95页 | |
| 开本: | 19×22cm | |
| 丛书名: | 经典设计解读丛书 | |
| 单 册: | ||
| 中图分类: | TS881 | |
| 科图分类: | ||
| 主题词: | 书籍装帧 , 书籍装帧--设计 | |
| 电子资源: | ||
| ISBN: | 7-5393-1737-X | |
| 000 | 00765oam2 2200265 450 | |
| 001 | 0709000035 | |
| 005 | 20070531085818.29 | |
| 010 | @a7-5393-1737-X@dCNY28.00 | |
| 100 | @a20060518d2006 em y0chiy0110 ea | |
| 101 | 0 | @achi |
| 102 | @aCN@b350000 | |
| 105 | @aa z 000yy | |
| 200 | 1 | @a图书设计艺术@Atu shu she ji yi shu@f丘星星, 施群主编@g星星, 余雁著 |
| 210 | @a福州@c福建美术出版社@d2006 | |
| 215 | @a95页@c图@d19×22cm | |
| 225 | 2 | @a经典设计解读丛书 |
| 461 | 0 | @12001 @a经典设计解读丛书 |
| 606 | 0 | @a书籍装帧 |
| 606 | 0 | @a书籍装帧@x设计 |
| 690 | @aTS881@v4 | |
| 701 | 0 | @a施群@Ashi qun@4主编 |
| 701 | 0 | @a丘星星@Aqiu xing xing@c(女)@4主编 |
| 702 | 0 | @a余雁@Ayu yan@c(女,@f1961~)@4著 |
| 801 | 0 | @aCN@bNLC@c20070531 |
| 905 | @a10447@dTS881@e44 | |
| 图书设计艺术/丘星星, 施群主编/星星, 余雁著.-福州:福建美术出版社,2006 |
| 95页:图;19×22cm.-(经典设计解读丛书) |
| ISBN 7-5393-1737-X:CNY28.00 |
| ● |
| 相关链接 |
|
|
|
|
正题名:图书设计艺术
索取号:TS881/44
 
预约/预借
| 序号 | 登录号 | 条形码 | 馆藏地/架位号 | 状态 | 备注 |
| 1 | 0523681 | 205236813 | 第二样本阅览室/ [索取号:TS881/44] | 在馆 | |
| 2 | 0523682 | 205236822 | 第三借阅区/ [索取号:TS881/44] | 在馆 | |
| 3 | 0523683 | 205236831 | 第三借阅区/ [索取号:TS881/44] | 在馆 |